000 00437nam a2200157Ia 4500
003 LDD
008 181029s9999 xx 000 0 und d
020 _a8170992265
040 _cLDD
100 _aSAHAI, Shrinath
245 4 _aThe Delhi declaration
_bcardinal of Indo-Soviet relations (a bibliographical stu
_cShrinath SAHAI
260 _aNew Delhi
_bMittal
_c1990
300 _axix, 334p
901 _a314
_b12-03-1996
942 _2ddc
_cBK
999 _c40152
_d40152